|
|
|
|
| LEADER |
01352nam a2200301 a 4500 |
| 001 |
30979 |
| 003 |
BD-DhAAL |
| 005 |
20160328105804.0 |
| 008 |
160328r20142006bg 000 1 eng d |
| 010 |
|
|
|a 2006345740
|
| 020 |
|
|
|a 9843229312
|
| 040 |
|
|
|a DLC
|c DLC
|d BD-DhAAL
|
| 082 |
0 |
0 |
|a 891.443010895492
|2 22
|
| 245 |
0 |
0 |
|a Galpa :
|b short stories by women from Bangladesh /
|c edited by Firdous Azim and Niaz Zaman.
|
| 260 |
|
|
|a Dhaka :
|b Rachana, Writers.ink,
|c 2006 [reprinted 2014]
|
| 300 |
|
|
|a 283 p. ;
|c 23 cm.
|
| 500 |
|
|
|a Short stories.
|
| 526 |
|
|
|a ENH
|
| 541 |
1 |
|
|e 30979, 30980
|
| 650 |
|
0 |
|a Short stories, Bengali
|z Bangladesh
|x Women authors
|v Translations into English.
|9 18821
|
| 650 |
|
0 |
|a Short stories, Bengali
|z Bangladesh
|y 20th century
|v Translations into English.
|9 18822
|
| 700 |
1 |
|
|a Azim, Firdous,
|d 1952-
|9 18823
|
| 700 |
1 |
|
|a Zaman, Niaz.
|9 18824
|
| 852 |
4 |
|
|a Ayesha Abed Library
|j General Shelf.
|
| 942 |
|
|
|2 ddc
|c BK
|
| 999 |
|
|
|c 37235
|d 37235
|
| 952 |
|
|
|0 0
|1 0
|2 ddc
|4 0
|6 891_443189549200000_GAL
|7 0
|9 58529
|a BRACUL
|b BRACUL
|c GEN
|d 2016-03-28
|e Writers.ink
|g 550.00
|l 3
|m 12
|o 891.4431895492 GAL
|p 3010030979
|r 2025-02-12
|s 2024-12-03
|t 1
|w 2016-03-28
|y BK
|
| 952 |
|
|
|0 0
|1 0
|2 ddc
|4 0
|6 891_443189549200000_GAL
|7 0
|9 58530
|a BRACUL
|b BRACUL
|c GEN
|d 2016-03-28
|e Writers.ink
|g 550.00
|l 5
|m 43
|o 891.4431895492 GAL
|p 3010030980
|r 2025-10-29
|s 2025-10-23
|t 2
|w 2016-03-28
|y BK
|